The Thames and Hudson dictionary of 20th-century architecture
Αποθηκεύτηκε σε:
| Άλλοι συγγραφείς: | |
|---|---|
| Μορφή: | Βιβλίο |
| Γλώσσα: | English German |
| Δημοσίευση: |
London :
Thames & Hudson,
1996
|
| Σειρά: | World of art
|
| Θέματα: | |
| Ετικέτες: |
Προσθήκη ετικέτας
Δεν υπάρχουν, Καταχωρήστε ετικέτα πρώτοι!
|
MARC
| LEADER | 00000nam a2200000 i 4500 | ||
|---|---|---|---|
| 001 | 1/37209 | ||
| 008 | 061109s1996 eng d | ||
| 020 | |a 0-500-20234-6 | ||
| 035 | |l 10086028 | ||
| 040 | |a GR-MY-UA |b gre |e aacr | ||
| 041 | 1 | |a eng |h ger | |
| 082 | 0 | |a 724.603 |2 (22) | |
| 245 | 1 | 4 | |a The Thames and Hudson dictionary of 20th-century architecture / |c general editor: Vittorio Magnago Lampugnani |
| 246 | 3 | 3 | |a Dictionary of 20th-century architecture |
| 260 | |a London : |b Thames & Hudson, |c 1996 | ||
| 300 | |a 384 σ.; |b εικ.; |c 21 εκ. | ||
| 490 | 1 | |a World of art | |
| 500 | |a "Originally published in 1963 as Encyclopaedia of Modern Architecture, translated and adapted from Wolfgang Pehnt (ed.), Knaurs Lexikon der modernen Architektur". - Στο verso | ||
| 500 | |a "This expanded and completely revised English-language edition translated and adapted from the revised German edition, Hatje Lexikon der Architektur des 20. Jahrhunderts". - Στο verso | ||
| 500 | |a "First published in Great Britain in 1986 as The Thames and Hudson Encyclopaedia of 20th-Century Architecture". - Στο verso | ||
| 504 | |a Περιλαμβάνει ευρετήριο | ||
| 650 | 0 | 0 | |a Architecture, Modern |y 20th century |x Dictionaries. |
| 700 | 1 | |a Magnago Lampugnani, Vittorio |d 1951- |4 edt | |
| 830 | 0 | |a World of art | |
| 852 | |a INST |b SYROS |e 20061109 |h 724.603 THA |p 005500004531 |q 005500004531 |t REF |y 23 | ||
| 901 | |a BIBL5-2006-3 | ||
| 909 | |a Ε |b 129888 | ||
| 922 | |a 5ΕΛΗ |b 200610 |c ΒΙΒΛΙΟΘΗΚΗ ΣΥΡΟΥ |d GLORY BOOK | ||
| 950 | |a 188-2006-10-10 | ||
| 970 | |a ΚΟΝΤΟΥ |b ΠΑΡΑΣΚΕΥΗ |z 2006/11/28 | ||